Catálogo

Vista normal Vista MARC

Entrada Personal Name

Número de registros utilizados en: 1

001 - CONTROL NUMBER

  • control field: 10449

003 - CONTROL NUMBER IDENTIFIER

  • control field: DLC

005 - DATE AND TIME OF LATEST TRANSACTION

  • control field: 20210602100353.0

008 - FIXED-LENGTH DATA ELEMENTS

  • fixed length control field: 940128n| azannaabn |a aaa

010 ## - LIBRARY OF CONGRESS CONTROL NUMBER

  • LC control number: n 94008510

035 ## - SYSTEM CONTROL NUMBER

  • System control number: (OCoLC)oca03536991

040 ## - CATALOGING SOURCE

  • Original cataloging agency: DLC
  • Language of cataloging: spa
  • Description conventions: rda
  • Transcribing agency: Mx-PuUPA
  • Modifying agency: CSt
  • Modifying agency: ScU
  • Modifying agency: Mx-PuUPA

046 ## - SPECIAL CODED DATES

  • Birth date: 19630719
  • Source of date scheme: edtf

100 1# - HEADING--PERSONAL NAME

  • Personal name: Heath, Chip,
  • Dates associated with a name: 1963-

372 ## - FIELD OF ACTIVITY

  • Field of activity: Psicología Social
  • Source of term: lcsh

374 ## - OCCUPATION

  • Occupation: Autor
  • Source of term: lcsh

375 ## - GENDER

  • Gender: hombre
  • Source of term: lcdgt

377 ## - ASSOCIATED LANGUAGE

  • Language code: eng

400 1# - SEE FROM TRACING--PERSONAL NAME

  • Personal name: Heath, Fred Roy
  • Dates associated with a name: 1963-

670 ## - SOURCE DATA FOUND

  • Source citation: March, J.G. A primer on decision making, c1994:
  • Information found: CIP t.p. (Chip Heath)

670 ## - SOURCE DATA FOUND

  • Source citation: What sticks, 2006 :
  • Information found: CIP t.p. (Chip Heath) data sheet (b. July 19, 1963)

670 ## - SOURCE DATA FOUND

  • Source citation: OCLC, viewed June 11, 2013
  • Information found: (hdgs.: Heath, Fred Roy; Heath, Chip; usage: Chip Heath)

670 ## - SOURCE DATA FOUND

  • Source citation: Made to stick : why some ideas survive and others die, 2008:
  • Information found: t.p. (Chip Heath) of cover

670 ## - SOURCE DATA FOUND

  • Source citation: Biblioteca del congreso (Estados Unidos), 28 enero 2020:
  • Information found: Catálogo electrónico
  • Uniform Resource Identifier: http://bit.ly/2O5UdsC